Statistics for Harry Potter Hogwarts staff quiz

Click here to take the quiz!

General Stats

  • This quiz has been taken 113 times
  • The average score is 19 of 24

Answer Stats

HintBooks their inAnswer% Correct
Head of Slytherin1,2,3,4,5,6,7Severus Snape
100%
Headmaster of Hogwarts1,2,3,4,5,6,7Albus Dumbledore
99%
Head of Gryffindor1,2,3,4,5,6,7Minerva Mcgonagall
96%
Head of Hufflepuff1,2,3,4,5,6,7Pomona Sprout
92%
Defence against the dark arts teacher2Gilderoy Lockhart
91%
Head of Ravenclaw1,2,3,4,5,6,7Filius Flitwick
90%
Defence against the dark arts teacher3Remus Lupin
90%
Defence against the dark arts teacher4Alastor Moody
88%
Defence against the dark arts teacher5Dolores Umbridge
88%
Potions teacher6,7Horace Slughorn
86%
Gamekeeper1,2,3,4,5,6,7Rubeus Hagrid
86%
Caretaker1,2,3,4,5,6,7Argus Filch
85%
Defence against the dark arts teacher1Quirinus Quirrel
84%
Flying teacher1,2,3,4,5,6,7Madame Hooch
81%
Nurse1,2,3,4 ,5,6,7Poppy Pomfrey
81%
Defence against the dark arts teacher4Barty Crouch
79%
Centaur5,6,7Firenze
75%
Dark arts teacher7Alecto Carrow
69%
Muggles teacher7Amycus Carrow
69%
Librarian1,2,3,4,5,6Madame Pince
65%
Muggles teacher7Charity Burbage
60%
Seer3,4,5,6,7Sybill Trelawney
59%
Substitute teacher5Professor Grubbly-Plank
44%
Teaches Hermione3Professor Vector
31%

Score Distribution

Percentile by Number Answered

Percent of People with Each Score

Your Score History

You have not taken this quiz